000 00520nam a2200181Ia 4500
008 240729s9999 xx 000 0 und d
022 _a2624-5647
245 0 _aGastrointestinal Disorders
260 _aSwitzerland
260 _bMDPI AG
650 _a Diseases of the digestive system. Gastroenterology
650 _a Internal medicine
650 _a Specialties of internal medicine
650 _aMedicine
856 _uhttps://doaj.org/toc/df207227480e43e08c83c1014a46e73e
942 _2ddc
942 _cDOAJEJ
999 _c72789
_d72789
945 _a1
_bMadushi Gamage
_c1
_dMadushi Gamage